| 000 | 00481nam a2200169 a 4500 | ||
|---|---|---|---|
| 005 | 20140412111251.0 | ||
| 008 | 010420s19uu xx 00 eng d | ||
| 020 | _a0-7496-2651-8 | ||
| 050 |
_aM 681.11 _bP58 1992 |
||
| 100 | _aPluckrose, Henry | ||
| 245 |
_aTime and clocks / _ctext by Henry Pluckrose ; photography Chris Fairclough. |
||
| 260 |
_aLondon : _bFranklin Watts, _c1992. |
||
| 300 | _a1v. (unp.) ; ill. | ||
| 440 | _aRead about | ||
| 650 | _aTime | ||
| 999 |
_c103160 _d103160 |
||